Priemysel TOP 250
Guardado en:
| Formato: | Seriadas |
|---|---|
| Lenguaje: | eslovaco |
| Etiquetas: |
Sin Etiquetas, Sea el primero en etiquetar este registro!
|
MARC
| LEADER | 00000nas2a2200000 4500 | ||
|---|---|---|---|
| 001 | 0236320 | ||
| 005 | 20220304134133.2 | ||
| 041 | 0 | |a slo | |
| 044 | |a SK | ||
| 245 | 1 | 0 | |a Priemysel TOP 250 |
| 773 | 0 | |w eu_un_cat*0068111 | |
| 774 | 0 | |w eu_un_cat*0282423 | |